Statystyki dla 5 największych języków uralskich

Kliknij tutaj aby rozwiązać quiz!

Ogólne statystyki

  • Ten quiz został rozwiązany 73 razy
  • Średni wynik to 3 z 5

Statystyki odpowiedzi

Głośniki ca.Język% Poprawnych
5,2 millionfiński
89%
14 millionwęgierski
88%
1,1 millionestoński
72%
900,000mordwiński
11%
700,000udmurcki
6%

Rozkład punktacji

Percentyl według liczby udzielonych odpowiedzi

Procent ludzi z każdym wynikiem

Twoja historia wyników

Nie rozwiązałeś tego quizu